000 00949nam a2200265Ia 4500
003 OSt
005 20221005111248.0
006 a|||||r|||| 00| 0
007 ta
008 221004b |||||||| |||| 00| 0 urd d
020 _a817055800X (hbk)
_c300
024 _a102000
037 _b563, 23/03/2009, Vani Prakashan
_cTextual
040 _aCRL
_cCRL
_burd
041 _2urd
_aurd
082 _aO168,1N45:g, 152P1
100 _aप्रदीप साहिल, संपा.
245 0 _aनये मौसमों का पता
246 _aNaye mausamoan kā patā
260 _aनई दिल्ली
_bवाणी प्रकाशन भारत
_c2001
300 _a175पृ0
_ccm.
650 _aउर्दू साहित्य
942 _hO168,1N45:g, 152P1
_cTEXL
_2cc
999 _c1021298
_d1021298